Wolfsburg Best Scorer By Year - Statistics

General Stats
  • This quiz has been taken 243 times
    2 since last reset
  • The average score is 5 of 25
Answer Stats
Player % Correct
Edin Džeko
100%
Grafite
100%
Wout Weghorst
100%
Mario Gómez
50%
Mario Mandžukić
50%
Patrick Helmes
50%
André Schürrle
0%
Andrzej Juskowiak
0%
Bas Dost
0%
Daniel Didavi
0%
Diego
0%
Diego Klimowicz
0%
Diego Klimowicz
0%
Dženan Pejčinović
0%
Ivica Olić
0%
Jonas Wind
0%
Jonathan Akpoborie
0%
Lukas Nmecha
0%
Martin Petrov
0%
Mike Hanke
0%
Mohamed Amoura
0%
Roy Präger
0%
Thomas Brdarić
0%
Tomislav Marić
0%
Yannick Gerhardt
0%
No matching quizzes found
Score Distribution
Percent of People with Each Score
Percentile by Number Answered
Your Score History
You have not taken this quiz since the last reset